00295nam a2200133Ia 45000030006000000080041000060400015000471000025000622450026000872500010001132600009001235460012001320050017001440STCL150530s9999 xx 000 0 und d aSTCLcSTCL aMangal Chandra, J.K. aConstitution of India aFirst c1958 aEnglish20220125165718.0